| 000 | 00856cam a22002773a 4500 | ||
|---|---|---|---|
| 001 | 27931 | ||
| 003 | PGUSA | ||
| 005 | 20140828083614.0 | ||
| 008 | 090129s2009||||xxu|||||s|||||000 | eng d | ||
| 040 |
_aPGUSA _beng |
||
| 042 | _adc | ||
| 050 | 4 | _aD | |
| 100 | 1 |
_aVolney, C.-F. _q(Constantin-François), _d1757-1820 |
|
| 245 | 1 | 0 |
_aOeuvres, Tome I : _bLes Ruines, ou méditation sur les révolutions des empires. _h[electronic resource] / _cC.-F. Volney |
| 260 |
_bProject Gutenberg, _c2009 |
||
| 500 | _aEnglish translation: http://www.gutenberg.org/etext/1397 | ||
| 506 | _aPublic domain in the USA. | ||
| 516 | _aElectronic text | ||
| 653 | _aHistory -- Philosophy | ||
| 653 | _aRevolutions | ||
| 653 | _aEthics | ||
| 653 | _aReligion | ||
| 830 | 0 |
_aProject Gutenberg _v27931 |
|
| 856 | 4 | 0 | _uhttp://www.gutenberg.org/ebooks/27931 |
| 942 | _cEB | ||
| 999 |
_c257186 _d257186 |
||